All Estado Novo Portugal Overseas Provinces on a Map - Statistics

General Stats
  • This quiz has been taken 290 times
  • The average score is 9 of 10
Answers on the Map
Answers color-coded by a green-red scale on the quiz's map according to % correct below.
 
Answer Stats
Answer % Correct
Portugal
100%
West Africa
100%
Mozambique
99%
Cape Verde
97%
São Tomé and Príncipe
96%
Portuguese Guinea
94%
Portuguese Timor
93%
Macau
91%
Portuguese India
87%
Fort of São João Baptista de Ajudá
9%
No matching quizzes found
Score Distribution
Percent of People with Each Score
Percentile by Number Answered
Your Score History
You have not taken this quiz